000 00254nam a2200109Ia 4500
999 _c6554
_d6554
020 _a 978-0201543292
100 _aDate, Kannan
245 3 _aAn Introduction To Database Systems
260 _aIndia
_bDorling Kindersley
_c2006
300 _a931
942 _cBK